Normal view
MARC view
- الاخلاق-قيم
Entry Topical Term
001 - CONTROL NUMBER
- control field: 14074
003 - CONTROL NUMBER IDENTIFIER
- control field: JO-AjAnu
005 - DATE AND TIME OF LATEST TRANSACTION
- control field: 20230606072541.0
008 - FIXED-LENGTH DATA ELEMENTS
- fixed length control field: 230606|| aca||aabn | a|a d
040 ## - CATALOGING SOURCE
- Original cataloging agency: JO-AjAnu
- Transcribing agency: JO-AjAnu
150 ## - HEADING--TOPICAL TERM
- Topical term or geographic name entry element: الاخلاق-قيم
670 ## - SOURCE DATA FOUND
- Source citation: Work cat.: (JO-AjAnu)7235: عبد السلام،سامية عبد الرحمن, author 14073, القيم الأخلاقية :دراسة نقدية في الفكر الإسلامي والفكر المعاصر